LIBRARY ONLINE CATALOGUE

Introduction to Hospitality Management (Record no. 17741)

MARC details
000 -LEADER
fixed length control field 00487nam a22001697a 4500
008 - FIXED-LENGTH DATA ELEMENTS--GENERAL INFORMATION
fixed length control field 190510b xxu||||| |||| 00| 0 eng d
020 ## - INTERNATIONAL STANDARD BOOK NUMBER
International Standard Book Number 1292157593
040 ## - CATALOGING SOURCE
Original cataloging agency KABU
Transcribing agency KABU
050 ## - LIBRARY OF CONGRESS CALL NUMBER
Classification number TX911.3
Item number .W35 2017 c. 1
100 ## - MAIN ENTRY--PERSONAL NAME
Personal name Walker, John R.
245 ## - TITLE STATEMENT
Title Introduction to Hospitality Management
250 ## - EDITION STATEMENT
Edition statement 7th ed.
260 ## - PUBLICATION, DISTRIBUTION, ETC. (IMPRINT)
Place of publication, distribution, etc. England
Name of publisher, distributor, etc. Pearson Education Limited
Date of publication, distribution, etc. 2017
300 ## - PHYSICAL DESCRIPTION
Extent 653 p.
650 ## - SUBJECT ADDED ENTRY--TOPICAL TERM
Topical term or geographic name as entry element Hospitality industry
General subdivision Management
942 ## - ADDED ENTRY ELEMENTS (KOHA)
Source of classification or shelving scheme Library of Congress Classification
Koha item type General Collection
Classification part TX911.3
Holdings
Withdrawn status Lost status Source of classification or shelving scheme Not for loan Home library Current library Date acquired Cost, normal purchase price Total Checkouts Full call number Barcode Date last seen Date last checked out Copy number Price effective from Koha item type
    Library of Congress Classification   Kabarak, Main Campus Kabarak, Main Campus 22/06/2019 5687.84 1 TX911.3 .W35 2017 c. 1 023435 26/11/2021 24/11/2021 c. 1 22/06/2019 General Collection
    Library of Congress Classification   Kabarak, Main Campus Kabarak, Main Campus 22/06/2019 5687.84   TX911.3 .W35 2017 c. 3 023437 22/06/2019   c. 3 22/06/2019 General Collection
    Library of Congress Classification   Kabarak, Main Campus Kabarak, Nakuru City Campus 22/06/2019 5687.84 2 TX911.3 .W35 2017 c. 2 023436 29/09/2023 09/10/2021 c. 2 22/06/2019 General Collection